[Event "NED-ch U10"]
[Site "Borne"]
[Date "2013.08.05"]
[Round "1"]
[White "Mestrom, Raaf"]
[Black "Muntean, Victor"]
[Result "0-1"]
[WhiteElo "454"]
[BlackElo "1030"]
[PlyCount "62"]
[EventDate "2013.04.??"]
[EventType "swiss"]
[EventRounds "12"]
[EventCountry "NED"]
[SourceTitle "EXT 2015"]
[Source "ChessBase"]
[SourceDate "2014.11.20"]
[SourceVersion "1"]
[SourceVersionDate "2014.11.20"]
[SourceQuality "1"]

1. c4 e5 2. g3 Nc6 3. Nc3 Nf6 4. Bg2 Bc5 5. d3 0-0 6. Bd2 d6 7. Nf3 Nd4 8. Ng5 Ng4 9. Nge4 Nf5 10. 0-0 c6 11. Bh3 d5 12. Bxg4 dxe4 13. Nxe4 Bd4 14. Qb3 Nxg3 15. hxg3 Bxg4 16. Bg5 Qd7 17. e3 Bf3 18. Nd2 Be2 19. Rfe1 Qg4 20. exd4 exd4 21. Ne4 Bf3 22. Nd2 Qh5 23. Nxf3 Qxf3 24. Kh2 Qxf2+ 25. Kh3 Qf5+ 26. Kh4 h6 27. Rf1 hxg5+ 28. Kh5 g6+ 29. Kh6 f6 30. Qa3 Qh3+ 31. Kxg6 Qh7# 0-1